Comprehensive Asymmetric Catalysis II
Guardado en:
| Autores principales: | , , |
|---|---|
| Formato: | Libro |
| Lenguaje: | inglés |
| Publicado: |
Berlin :
Springer Verlag,
1999
|
| Etiquetas: |
Sin Etiquetas, Sea el primero en etiquetar este registro!
|
MARC
| LEADER | 00000nam a22000003a 4500 | ||
|---|---|---|---|
| 001 | stu50671 | ||
| 005 | 20150617225706.1 | ||
| 008 | 991015s1999------------------------eng-d | ||
| 020 | |a 3-540-64336-2 | ||
| 040 | |a STU |b slo | ||
| 041 | 0 | |a eng | |
| 080 | |a 541.128 |7 stu_us_auth*stu5751 | ||
| 100 | 1 | |a Jacobsen, Eric N. |4 aut | |
| 245 | 1 | |a Comprehensive Asymmetric Catalysis II | |
| 260 | |a Berlin : |b Springer Verlag, |c 1999 | ||
| 300 | |a 492-994 s | ||
| 500 | |a Tab.,grafy,lit. | ||
| 700 | 1 | |a Pfaltz, Andreas |4 aut | |
| 700 | 1 | |a Yamamoto, Hisashi |4 aut | |
| 996 | |b C96028 |c C*96028 |l CCIV |s P |a 0 |w stu50671_0001 | ||